000 00586nam a2200193Ia 4500
003 OSt
005 20250207123556.0
008 210210b2002 xxu||||| |||| 00| 0 eng d
040 _cal
041 _aKan
082 _aK894.7 SUMJ
100 _aSUMUKHANANDA JALAVALLI.
_dಸುಮುಖಾನಂದ ಜಲವಳ್ಳಿ
_9198338
245 _aJai enjalu: hasya sankalana.
_bಜೈ ಎಂಜಲು : ಹಾಸ್ಯ ಸಂಕಲನ
260 _aKinnigoli
_bSumukha Prakashana
_c2002
300 _aviii,88
690 _aKannada Humour
_9198339
906 _a060791
942 _2ddc
_cBK
999 _c107846
_d107846